| 000 | 01238nam a2200313 a 4500 | ||
|---|---|---|---|
| 001 | |||
| 003 | DO-SdBNP | ||
| 005 | 20230210112944.0 | ||
| 008 | 090917s1998 dr a r 000 0 spa d | ||
| 020 | _a84899953112 | ||
| 040 |
_aDO-SdBNP _bspa _cBPMSU |
||
| 082 |
_aRD860 _bC744o, 1998 _222 |
||
| 111 | 2 |
_aConcurso de Arte y Literatura Bancentral _n(3. : _d1997 : _cSanto Domingo, República Dominicana) |
|
| 245 | 1 | 0 |
_aObras premiadas : _bTercer Concurso de Arte y Literatura Bancentral 1998 / _cedición José Alcántara Almánzar, Lourdes Lara. |
| 246 | 1 | 4 | _aConcurso de Arte y Literatura Bancentral 1998 |
| 260 |
_aSanto Domingo : _bBanco Central de la República Dominicana, _c1998 |
||
| 300 |
_a92 p. : _bil. ; _c23 cm. |
||
| 586 | _aPremios del Concurso de Arte y literatura Bancentral 1997 | ||
| 590 | _aInventariado, 2022/VM | ||
| 650 | 4 |
_aLiteratura dominicana _ySiglo XX |
|
| 650 | 4 |
_aArte y literatura _ySiglo XX |
|
| 650 | 4 |
_aArtes plásticas _ySiglo XX |
|
| 650 | 4 |
_aPremios literarios _ySiglo XX |
|
| 700 | 1 |
_aAlcántara Almánzar, José, _d1946-, _eed. |
|
| 700 | 1 |
_aMella de Suuárez, Ingrid _eed. |
|
| 710 | 2 | _aBanco Central de la República Dominicana | |
| 910 | _a VMateo V./Control de calidad | ||
| 942 |
_2ddc _cBK |
||
| 999 |
_c14028 _d14028 |
||